000 00285nam a2200097Ia 4500
008 220204s9999 xx 000 0 und d
082 _aNR:058:338.32010
_bRUB;1
245 0 _aDirectory of Rubber goods manufacturers in India. 2010.
260 _aKottayam
_bRubber Board
_c2010
942 _cREF
999 _c44376
_d44376